Bioorganic chemistry frontiers.

Bibliographic Details
Format: Journal
Language:English
Published: Berlin ; New York : Springer-Verlag, ©1990-
Subjects:
Online Availability: Check for online availability

MARC

Tag First Indicator Second Indicator Subfields
LEADER 00000cas a2200000Ka 4500
001 in00003555113
005 20151206151331.0
006 m o d
007 cr |||||||||||
008 150403c19909999gw uu poo 0 0eng d
022 |y 0938-7234  |l 0938-7234 
035 |a (OCoLC)ocn906183884 
035 |a (OCoLC)906183884 
040 |a TXA  |c TXA  |d UtOrBLW 
049 |a TXAM 
090 |a QP550  |b .B562 Electronic 
245 0 0 |a Bioorganic chemistry frontiers. 
246 1 |a Biorg. chem. front. 
264 1 |a Berlin ;  |a New York :  |b Springer-Verlag,  |c ©1990- 
336 |a text  |b txt  |2 rdacontent 
337 |a computer  |b c  |2 rdamedia 
338 |a online resource  |b cr  |2 rdacarrier 
362 1 |a Began with: Vol. 1 in 1990. 
510 2 |a Chemical abstracts  |x 0009-2258 
588 |a Description based on: Vol. 1 inn 1990; title from PDF title page (Springer, viewed April 3, 2015). 
588 |a Latest issue consulted: Vol. 3 in 1993 (Springer, viewed April 3, 2015). 
500 |a Electronic resource. 
650 0 |a Bioorganic chemistry  |v Periodicals. 
650 2 |a Biochemistry  |v Periodicals. 
650 2 |a Chemistry, Organic  |v Periodicals. 
650 7 |a Bioorganic chemistry.  |2 fast  |0 (OCoLC)fst00832648 
655 7 |a Periodicals.  |2 fast  |0 (OCoLC)fst01411641 
776 0 8 |i Print version:  |t Bioorganic chemistry frontiers  |x 0938-7234  |w (DLC) 90649665  |w (OCoLC)22178095 
948 |a cataloged  |b h  |c 2015/4/3  |d o  |e spoltoratski  |f 11:46:27 am  |g NCO 
994 |a C0  |b TXA 
999 |a MARS 
999 f f |s 95810ccf-6e5c-32bc-a5a4-f59fec29209a  |i dbfa9caa-b470-339d-a898-fc236a071fab  |t 0 
952 f f |a Texas A&M University  |b College Station  |c Electronic Resources  |d Available Online  |t 0  |e QP550 .B562  |g Electronic  |h Library of Congress classification 
998 f f |a QP550 .B562  |t 0  |l Available Online